000 00730nam a2200217Ia 4500
003 GCL
008 140319s9999 xx 000 0 ara d
020 _a7070904977
040 _aGCL /
_cGCL
082 0 4 _a327.6204308
_bو س
100 1 _aوجيه عتيق
245 1 0 _aالسياسة الدولية وخفايا العلاقات المصرية الالمانية 1952 - 1965 /
_cوجيه عتيق
260 _aالقاهرة :
_bالمطبعة الاسلامية الحديثة
300 _a423 ص ؛
_c24 سم
650 0 4 _aمصر
650 0 4 _aالمانيا
650 0 4 _aالسياسة الدولية
650 0 4 _aالعلاقات السياسية
650 0 4 _aجمال عبدالناصر
942 _2ddc
_cBK
999 _c49889
_d49889